| 000 | 00527nam a22001817a 4500 | ||
|---|---|---|---|
| 999 |
_c9128 _d9128 |
||
| 008 | 210324b ||||| |||| 00| 0 eng d | ||
| 040 | _aBMS College of Architecture | ||
| 100 | _aJain, Ankita | ||
| 245 | _aNational School of drama Bangalore | ||
| 300 | _a65p. | ||
| 500 | _a1BM05AT001 | ||
| 502 |
_8B.Arch _NBMS College of Architecture, Visvesvaraya Technological University _aProject report _d2010 |
||
| 650 | _aDrama | ||
| 650 | _aSchool | ||
| 700 |
_a K Manjula _eGuide |
||
| 700 |
_aPushpa D _eGuide |
||
| 942 |
_2ddc _cTHE |
||